000 00863nam a2200229Ii 4500
003 JO-AjNU
008 230605s9999||||xx |||||||||||||| ||und||
017 _a2011/10/3699
020 _a978-9957-16-152-1
040 _aJO-AjNU
_bara
_erda
_cJO-AjNU
041 _aara
050 1 4 _aK3581.2014
100 3 _aهياجنة، عبد الناصر زياد ,
_eauthor
_963139
245 0 0 _aالقانون البيئي: النظرية العامة للقانون البيئي مع شرح التشريعات البيئية
250 _aط2
264 3 1 _aعمان: دار الثقافة للنشر والتوزيع، 2014
300 _a344ص
336 _atext
_btxt
_2rdacontent
337 _aunmediated
_bn
_2rdamedia
338 _avolume
_bnc
_2rdacarrier
650 4 _aالقانون البيئي-قوانين وتشريعات-مكافحة التلوث
_963140
999 _aA28624
_c32192
_d32192